000 01505nam a22003977a 4500
003 CHAP
005 20250303091711.0
008 090216s2008 mx ab r 00010 spa d
010 _a95877
011 _a96849
035 _a107506
040 _cCHAP
090 _aTesis
100 1 0 _aAguilar Gallegos, Norman
_92704
245 1 0 _aInventario de herbarios como base para la planeación de la exploración y colectas de aguacate
_c/por Norman Aguilar Gallegos
260 _aChapingo, Méx. :
_bEl autor,
_c2008
300 _avi, 53 h. :
_bilus., mapas
502 _aTesis (M.C. en Horticultura) -- UACH. Departamento de Fitotecnia. Instituto de Horticultura
590 _aALEPH
_b10
_c20130110
_lUCH01
_h1527
590 _aBATCH-UPD
_b10
_c20130110
_lUCH01
_h0825
590 _aBATCH-UPD
_b10
_c20130410
_lUCH01
_h0503
590 _aBATCH-UPD
_b10
_c20130913
_lUCH01
_h2307
590 _aCONVERSION
_b10
_c20130109
_lUCH01
_h1353
650 1 4 _aAguacate
_xGermoplasma.
_92520
650 1 4 _aAguacate
_xPreservacion.
_92550
650 1 4 _aAguacate
_xVariedades.
_92559
650 1 4 _aBotánica
_xClasificación.
_914516
650 1 4 _aHerbarios.
_953677
650 1 4 _aPlantas
_xColección y preservación.
650 1 4 _aRecursos genéticos
_xConservación.
_995081
650 1 4 _aRecursos naturales
_xConservación.
901 _aBK
942 _cFOLL
949 _aTesis
_bBC
_cTES
_d33724002085397
_eTS1
_gDonaciØn
_h48941
_i107506
_sb
949 _aTesis
_bBC
_cTES
_d33724002085439
_eTS2
_fc.2
_gDonaciØn
_h48942
_i107506
_sb
999 _c95877
_d95877